Catálogo público

Avances en porcicultura: (Record no. 219419)

MARC details
000 -CABECERA
campo de control de longitud fija 02032nam a2200409 a 4500
003 - IDENTIFICADOR DEL NÚMERO DE CONTROL
campo de control CHAP
005 - FECHA Y HORA DE LA ÚLTIMA TRANSACCIÓN
campo de control 20240130140856.0
007 - CAMPO FIJO DE DESCRIPCIÓN FÍSICA--INFORMACIÓN GENERAL
campo de control de longitud fija ta
008 - DATOS DE LONGITUD FIJA--INFORMACIÓN GENERAL
campo de control de longitud fija 231116s2019 sp ado|fr|||| 001 0 spa d
020 ## - NÚMERO INTERNACIONAL ESTÁNDAR DEL LIBRO
Número Internacional Estándar del Libro 978-84-17640-93-4
040 ## - FUENTE DE LA CATALOGACIÓN
Centro catalogador/agencia de origen Z
Centro/agencia transcriptor CHAP
Normas de descripción rda
082 00 - NÚMERO DE LA CLASIFICACIÓN DECIMAL DEWEY
Número de clasificación 636.4083
Número de documento/Ítem A93 2019
Número de edición 20
245 00 - MENCIÓN DE TÍTULO
Título Avances en porcicultura:
Resto del título claves de futuro /
Mención de responsabilidad, etc. coordinador Emilio Magallón; José Luis Noguera [y nueve más], ilustrador Jacob Gragera Artal
264 #1 - PRODUCCIÓN, PUBLICACIÓN, DISTRIBUCIÓN, FABRICACIÓN Y COPYRIGHT
Producción, publicación, distribución, fabricación y copyright Zaragoza, España:
Nombre del de productor, editor, distribuidor, fabricante Grupo Asís Biomedia. Servet,
Fecha de producción, publicación, distribución, fabricación o copyright 2019
300 ## - DESCRIPCIÓN FÍSICA
Extensión xii,194 páginas:
Otras características físicas ilustraciones a color, gráficas, tablas, fotografías
336 ## - TIPO DE CONTENIDO
Fuente rdacontent
Término de tipo de contenido texto
Código de tipo de contenido txt
337 ## - TIPO DE MEDIO
Fuente rdamedia
Nombre/término del tipo de medio sin medio
Código del tipo de medio n
338 ## - TIPO DE SOPORTE
Fuente rdacarrier
Nombre/término del tipo de soporte volumen
Código del tipo de soporte nc
500 ## - NOTA GENERAL
Nota general ej.1: consumo
504 ## - NOTA DE BIBLIOGRAFÍA, ETC.
Nota de bibliografía, etc. Bibliografía: páginas 188 - 193
505 0# - NOTA DE CONTENIDO CON FORMATO
Nota de contenido con formato 1. Introducción.-- 2. Avances en la mejora genética porcina.-- 3. Big data e inteligencia artificial.-- Nuevos sistemas de producción.-- 4. Nuevos sistemas de producción.-- 5. Avances tecnológicos en granjas de reproducción.-- 6. Gestión y control de cebaderos automáticos.-- 7. La alimentación porcina en el futuro.-- 8. Avances en sanidad y control de enfermedades.-- 9. Economía circular y granjas con eficiencia energética.-- 10. Gestión de personal en las granjas del futuro.-- Bibliografía.
520 ## - SUMARIO, ETC.
Sumario, etc. Esta obra muestra los avances tecnológicos y de gestión que se están desarrollando en las explotaciones porcinas con el objetivo de optimizar su eficiencia.
534 ## - NOTA SOBRE LA VERSIÓN ORIGINAL
Frase introductoria Título original:
650 10 - PUNTO DE ACCESO ADICIONAL DE MATERIA--TÉRMINO DE MATERIA
9 (RLIN) 145701
Término de materia o nombre geográfico como elemento de entrada Cerdos
Subdivisión general Cría y explotación
650 17 - PUNTO DE ACCESO ADICIONAL DE MATERIA--TÉRMINO DE MATERIA
9 (RLIN) 50413
Término de materia o nombre geográfico como elemento de entrada Granjas porcinas
650 13 - PUNTO DE ACCESO ADICIONAL DE MATERIA--TÉRMINO DE MATERIA
9 (RLIN) 142779
Término de materia o nombre geográfico como elemento de entrada Adopción de innovaciones
650 13 - PUNTO DE ACCESO ADICIONAL DE MATERIA--TÉRMINO DE MATERIA
9 (RLIN) 146311
Término de materia o nombre geográfico como elemento de entrada Tecnología de producción
700 1# - PUNTO DE ACCESO ADICIONAL--NOMBRE DE PERSONA
9 (RLIN) 188055
Nombre de persona Magallón Botaya, Emilio
Término indicativo de función/relación coordinador
700 1# - PUNTO DE ACCESO ADICIONAL--NOMBRE DE PERSONA
9 (RLIN) 188285
Nombre de persona Noguera, José Luis
Término indicativo de función/relación colaborador
700 1# - PUNTO DE ACCESO ADICIONAL--NOMBRE DE PERSONA
9 (RLIN) 185920
Nombre de persona Gragera Artal, Jacob
Término indicativo de función/relación ilustrador
942 ## - ELEMENTOS DE PUNTO DE ACCESO ADICIONAL (KOHA)
Fuente del sistema de clasificación o colocación Dewey Decimal Classification
942 ## - ELEMENTOS DE PUNTO DE ACCESO ADICIONAL (KOHA)
Fuente del sistema de clasificación o colocación Dewey Decimal Classification
942 ## - ELEMENTOS DE PUNTO DE ACCESO ADICIONAL (KOHA)
Fuente del sistema de clasificación o colocación Dewey Decimal Classification
942 ## - ELEMENTOS DE PUNTO DE ACCESO ADICIONAL (KOHA)
Fuente del sistema de clasificación o colocación Dewey Decimal Classification
942 ## - ELEMENTOS DE PUNTO DE ACCESO ADICIONAL (KOHA)
Fuente del sistema de clasificación o colocación Dewey Decimal Classification
942 ## - ELEMENTOS DE PUNTO DE ACCESO ADICIONAL (KOHA)
Tipo de ítem Koha Libro
Holdings
Estado de retiro Estado de pérdida Fuente del sistema de clasificación o colocación Estado dañado Restricciones de uso No para préstamo Código de colección Localización permanente Ubicación/localización actual Fecha de adquisición Fuente de adquisición Coste, precio normal de compra Número de inventario Total de préstamos Signatura topográfica completa Código de barras Fecha visto por última vez Número de copia Precio válido a partir de Tipo de ítem Koha
    Dewey Decimal Classification   Préstamo interno   General Zootecnia Zootecnia 31/12/2021 Compra por licitación Factura n. 237 2129.00 Consumo   636.4083 A93 2019 5102007402 17/11/2023 Ej.1 17/11/2023 Libro